Statistics for Être

Click here to take the quiz!

General Stats

  • This quiz has been taken 893 times
    (885 since last reset)
  • The average score is 6 of 6

Answer Stats

Hint Answer % Correct
Je ___suis
99%
Tu __es
98%
Il/elle ____est
96%
Nous _______sommes
94%
Vous _____êtes
91%
Ils/Elles ______sont
91%

Score Distribution

Percentile by Number Answered

Percent of People with Each Score

Your Score History

You have not taken this quiz since the last reset